Statistics for Asian Countries by Increasing Area

Click here to take the quiz!

General Stats

  • This quiz has been taken 46 times
  • The average score is 45 of 49

Answer Stats

Area (km^2)HintAnswer% Correct
300MMaldives
100%
29,843Armenia
97%
760Bahrain
97%
38,394Bhutan
97%
5,765Brunei
97%
17,818KKuwait
97%
10,452Lebanon
97%
697Singapore
97%
9,596,961China
94%
9,251Cyprus
94%
14,874East Timor
94%
69,000Georgia
94%
3,287,263India
94%
1,472,639IIndonesia
94%
1,648,195Iran
94%
22,072Israel
94%
2,544,900Kazakhstan
94%
1,564,110Mongolia
94%
11,586Qatar
94%
13,000,000Russia
94%
65,610Sri Lanka
94%
447,400UUzbekistan
94%
86,000Azerbaijan
91%
89,342JJordan
91%
199,951KKyrgyzstan
91%
147,181Nepal
91%
881,913Pakistan
91%
2,149,690Saudi Arabia
91%
36,193Taiwan
91%
652,230Afghanistan
88%
181,035Cambodia
88%
438,317Iraq
88%
236,800Laos
88%
330,803Malaysia
88%
676,578Myanmar
88%
120,538North Korea
88%
309,500Oman
88%
300,000Philippines
88%
100,210South Korea
88%
143,100Tajikistan
88%
513,120Thailand
88%
488,100Turkmenistan
88%
83,600United Arab Emirates
88%
331,212Vietnam
88%
527,968Yemen
88%
377,930Japan
84%
185,180Syria
84%
759,952Turkey
84%
147,570Bangladesh
81%

Score Distribution

Percentile by Number Answered

Percent of People with Each Score

Your Score History

You have not taken this quiz